000 00927cam a2200289 i 4500
001 381646
003 OSt
005 20110426093233.0
008 781026s1977 enk b 001 0 eng
010 _a 78321758
015 _aGB***
020 _a0404602638 :
_c£7.00
040 _aDLC
_cDLC
_dDLC
043 _ae-uk---
050 0 0 _aKD1858
_b.I793 1977
082 0 0 _a346.086
100 1 _aIvamy, E. R. Hardy
_q(Edward Richard Hardy)
_91607
245 1 0 _aCasebook on insurance law /
_cby E. R. Hardy Ivamy.
250 _a4th ed.
260 _aLondon ;
_aBoston :
_bButterworths,
_c1984.
300 _axxx, 277 p. ;
_c22 cm.
504 _aIncludes bibliographical references and index.
650 0 _aInsurance law
_zGreat Britain
_xCases.
_91608
906 _a7
_bcbc
_corignew
_d2
_encip
_f19
_gy-gencatlg
942 _2ddc
_cBK
999 _c552
_d552